Online
Catalog

Pro-patria : (Record no. 32623)

MARC details
000 -CABECERA
campo de control de longitud fija 00505nam a2200133 a 4500
001 - NÚMERO DE CONTROL
campo de control 000033132
005 - FECHA Y HORA DE LA ÚLTIMA TRANSACCIÓN
campo de control 20240313173909.0
008 - DATOS DE LONGITUD FIJA--INFORMACIÓN GENERAL
campo de control de longitud fija 110817s1916 dr 000 0 spa d
040 ## - FUENTE DE LA CATALOGACIÓN
Centro catalogador/agencia de origen DO-SdBNP
Lengua de catalogación spa
Centro/agencia transcriptor BNPHU
100 1# - ENTRADA PRINCIPAL--NOMBRE DE PERSONA
Nombre de persona Deschamps, Enrique,
Fechas asociadas al nombre 1872-1933
9 (RLIN) 2573
245 10 - MENCIÓN DE TÍTULO
Título Pro-patria :
Resto del título algunas posibilidades de la República Dominican en Francia, algunas reformas simples y urgentes que deben hacerse en el país /
Mención de responsabilidad, etc. Enrique Deschamps.
260 ## - PUBLICACIÓN, DISTRIBUCIÓN, ETC.
Lugar de publicación, distribución, etc. Paris :
Nombre del editor, distribuidor, etc. Jouve & C,
Fecha de publicación, distribución, etc. 1916.
300 ## - DESCRIPCIÓN FÍSICA
Extensión 166 p. ;
Dimensiones 20 cm.
Holdings
Estado de retiro Estado de pérdida Restricciones de uso No para préstamo Código de colección Localización permanente Ubicación/localización actual Ubicación en estantería Fecha de adquisición Número de inventario Total de préstamos Signatura topográfica completa Código de barras Fecha visto por última vez Precio válido a partir de Tipo de ítem Koha Número de copia
      Excluido de préstamo Raros y valiosos Patrimonio Dominicano Patrimonio Dominicano Depósito 17.08.2011 LF1   33132-10 25.06.2020 25.06.2020 No se presta  
      Excluido de préstamo Raros y valiosos Patrimonio Dominicano Patrimonio Dominicano En catalogación 05.10.2012 LF1   33132-20 25.06.2020 25.06.2020 No se presta e. 2

Powered by Koha